|
|
|
|
| LEADER |
00000cam a2200000 a 4500 |
| 001 |
22808-1 |
| 003 |
Ucuenca |
| 005 |
20240402142047.0 |
| 008 |
993030|1971 sp |||||r|||||||||||spa|| |
| 040 |
|
|
|b spa
|
| 041 |
0 |
|
|a es
|
| 082 |
0 |
|
|a 612.603
|
| 100 |
1 |
|
|a Noguer Moré, J.
|9 12730
|
| 245 |
|
|
|a Diccionario enciclopédico de la educación sexual
|c J. Noguer More
|h imp
|n tomo1
|
| 264 |
|
|
|a Barcelona
|b Ediciones Aura
|c 1971
|
| 300 |
|
|
|a 384 páginas:
|b ilu
|c 27 cm
|
| 500 |
|
|
|a De la A-I
|
| 504 |
|
|
|a incl. ref.
|
| 650 |
|
0 |
|a Educación sexual
|9 2605
|
| 650 |
|
0 |
|a Sexualidad
|9 201765
|
| 650 |
|
0 |
|a Material de referencia
|9 4778
|
| 650 |
|
0 |
|9 46012
|a Diccionario medico
|
| 852 |
|
|
|a UC-SALUD
|f Compra
|l 1
|m Limitada
|p 19930301
|q S/. 600
|t 22808-1
|b 1
|d CDRS
|e CDRS
|g 612.603 ESTANTERIA ABIERTA
|z 1993-30-30
|
| 942 |
|
|
|c BK
|2 ddc
|r margoth.maza@ucuenca.edu.ec
|
| 999 |
|
|
|c 50282
|d 50282
|